000 00376nam a2200145Ia 4500
005 20260325234755.0
008 260325s9999||||xx |||||||||||||| ||und||
082 _a720
100 _aFrederick, Matthew
245 0 _a101 Things I learned in Architecture School /
_cMatthew Frederick
260 _bMIT Press
300 _a101 p.
650 _aARQUITECTURA-GENERAL
942 _cBK
999 _c6274
_d6274